Texans and government : what citizens want : a report /

Bibliographic Details
Main Author: Hadden, Susan G.
Other Authors: Lein, Laura, Williams, Martha
Format: Book
Language:English
Published: [Austin, Tex.] : University of Texas at Austin, [1987]
Subjects:

MARC

Tag First Indicator Second Indicator Subfields
LEADER 00000cam a2200000 a 4500
001 in00000034415
005 20151007060715.0
008 880509s1987 txua s00010 eng d
035 |a (OCoLC)17928990 
035 |9 AAC1542AM 
040 |a TXA  |c TXA  |d ITD  |d TXA  |d UtOrBLW 
043 |a n-us-tx 
049 |a TXAM  |c [A11554310] 
050 4 |a HV98.T4  |b H33 1987 
100 1 |a Hadden, Susan G. 
245 1 0 |a Texans and government :  |b what citizens want : a report /  |c prepared by Susan Hadden, Laura Lein, Martha Williams. 
264 1 |a [Austin, Tex.] :  |b University of Texas at Austin,  |c [1987] 
264 4 |c ©1987 
300 |a 21 pages, 9 unnumbered pages :  |b illustrations ;  |c 28 cm. 
336 |a text  |b txt  |2 rdacontent 
337 |a unmediated  |b n  |2 rdamedia 
338 |a volume  |b nc  |2 rdacarrier 
500 |a Cover title adds: Texans want more services, will pay : a report on attitudes toward state services in Texas. 
650 0 |a Public welfare  |z Texas  |x Public opinion. 
650 0 |a Government spending policy  |z Texas  |x Public opinion. 
650 0 |a Public opinion  |z Texas. 
700 1 |a Lein, Laura. 
700 1 |a Williams, Martha. 
999 |a MARS 
999 f f |s 13264a8d-01a7-3732-b4c5-90a3004154b4  |i c0c8b355-452d-3b8e-ab15-2bc479d7a8b8  |t 0 
952 f f |p ric  |a Texas A&M University  |b Rellis Campus  |c Joint Library Facility  |d Remote Storage  |t 0  |e HV98.T4 H33 1987  |h Library of Congress classification  |i unmediated -- volume  |m A14811554310 
998 f f |a HV98.T4 H33 1987  |t 0  |l Remote Storage